000 01283cam a2200325 a 4500
001 14678374
005 20170105102846.0
008 061221s2008 caua b 001 0 eng
010 _a 2006940759
020 _a9780495098690
020 _a0495098698
040 _aDLC
_cDLC
_dDLC
043 _an-us---
050 0 0 _aJK276
_b.U53 2008
082 0 0 _a320.473
_222
245 0 0 _aUnderstanding American government /
_cSusan Welch ... [et al.].
250 _a11th ed.
260 _aBelmont, CA :
_bThomson/Wadsworth,
_cc2008.
300 _axxi, 762 p. :
_bill. (some col.) ;
_c29 cm.
504 _aIncludes bibliographical references (p. 689-728) and index.
651 0 _aUnited States
_xPolitics and government
_vTextbooks.
700 1 _aWelch, Susan.
856 4 2 _3Contributor biographical information
_uhttp://www.loc.gov/catdir/enhancements/fy1104/2006940759-b.html
856 4 2 _3Publisher description
_uhttp://www.loc.gov/catdir/enhancements/fy1104/2006940759-d.html
856 4 1 _3Table of contents only
_uhttp://www.loc.gov/catdir/enhancements/fy1104/2006940759-t.html
906 _a7
_bcbc
_corigcop
_d2
_eepcn
_f20
_gy-gencatlg
942 _2ddc
_cBK
999 _c14048
_d14048